Statistics for Top 10 Poorest Countries in Africa

Click here to take the quiz!

General Stats

  • This quiz has been taken 61 times
  • The average score is 7 of 10

Answer Stats

GDP per CapitaCountry% Correct
$1,600Niger
82%
$891Burundi
75%
$1,787Chad
75%
$516South Sudan
75%
$1,374Somalia
73%
$1,474Democratic Republic of the Congo
69%
$1,127Central African Republic
67%
$1,682Malawi
57%
$1,788Liberia
53%
$1,556Mozambique
53%

Score Distribution

Percentile by Number Answered

Percent of People with Each Score

Your Score History

You have not taken this quiz